The handbook of language and speech disorders / (Record no. 123975)
[ view plain ]
| 000 -LEADER | |
|---|---|
| fixed length control field | 00751cam a22002538i 4500 |
| 001 - CONTROL NUMBER | |
| control field | 21858218 |
| 005 - DATE AND TIME OF LATEST TRANSACTION | |
| control field | 20210916085025.0 |
| 008 - FIXED-LENGTH DATA ELEMENTS--GENERAL INFORMATION | |
| fixed length control field | 210105s2021 nju b 001 0 eng |
| 020 ## - INTERNATIONAL STANDARD BOOK NUMBER | |
| International Standard Book Number | 9781119606963 |
| 040 ## - CATALOGING SOURCE | |
| Transcribing agency | PK-LaUMT |
| 082 00 - DEWEY DECIMAL CLASSIFICATION NUMBER | |
| Classification number | 616.855 |
| Edition number | 23 |
| Item number | HAN- |
| 245 04 - TITLE STATEMENT | |
| Title | The handbook of language and speech disorders / |
| Statement of responsibility, etc | edited by Jack S. Damico, Nicole Müller and Martin J. Ball |
| 250 ## - EDITION STATEMENT | |
| Edition statement | 2nd ed. |
| 260 ## - PUBLICATION, DISTRIBUTION, ETC. (IMPRINT) | |
| Place of publication, distribution, etc | Chichester : |
| Name of publisher, distributor, etc | Wiley Blackwell, |
| Date of publication, distribution, etc | 2021 |
| 300 ## - PHYSICAL DESCRIPTION | |
| Extent | 676 p. |
| 490 0# - SERIES STATEMENT | |
| Series statement | Blackwell handbooks in linguistics |
| 650 #0 - SUBJECT ADDED ENTRY--TOPICAL TERM | |
| Topical term or geographic name as entry element | Speech disorders. |
| 650 #0 - SUBJECT ADDED ENTRY--TOPICAL TERM | |
| Topical term or geographic name as entry element | Language disorders. |
| 650 #0 - SUBJECT ADDED ENTRY--TOPICAL TERM | |
| Topical term or geographic name as entry element | Communicative disorders. |
| 700 1# - ADDED ENTRY--PERSONAL NAME | |
| Personal name | Damico, Jack, |
| 700 1# - ADDED ENTRY--PERSONAL NAME | |
| Personal name | Müller, Nicole, |
| 700 1# - ADDED ENTRY--PERSONAL NAME | |
| Personal name | Ball, Martin J. |
| 942 ## - ADDED ENTRY ELEMENTS (KOHA) | |
| Koha item type | Books |
| Withdrawn status | Lost status | Damaged status | Home library | Current library | Date acquired | Full call number | Barcode | Date last seen | Price effective from | Koha item type |
|---|---|---|---|---|---|---|---|---|---|---|
| UMT Main Campus | UMT Main Campus | 2021-09-16 | 616.855 HAN- | 138738 | 2021-09-16 | 2021-09-16 | Books |
